| 000 | 01195nam a22003497a 4500 | ||
|---|---|---|---|
| 001 | 000688 | ||
| 003 | DO-SdBPM | ||
| 005 | 20260430120617.0 | ||
| 007 | ta | ||
| 008 | 161111b2010 mx a ||||| |||| 00| 0 spa d | ||
| 020 | _a9786071101075 | ||
| 040 |
_aBPMSU _bspa _cBPMSU |
||
| 082 | 0 | 4 |
_a782.42 _bB736a 2009 _222 |
| 100 | 1 |
_aBornemann, Elsa _4aut. _d 1952-2013 _eautora |
|
| 245 | 1 | 0 |
_aA la luna en punto : _bcanciones y cuentos de cuna para cantar y contar antes de ir a dormir / _cElsa Bornemann ; ilustraciones de Pez. |
| 264 |
_aMéxico : _bAlfaguara, _c2009. |
||
| 300 |
_a129 páginas : _bilustraciones ; _c20 cm. |
||
| 336 |
_atexto _btxt _2rdacontent |
||
| 337 |
_asin mediación _bnc _2rdacarrier |
||
| 490 | 0 | _aAlfaguara infantil | |
| 500 | _aPara niños desde 8 años. | ||
| 500 | _aIncluye datos de la autora | ||
| 590 | _aInventariado, 2026/VM | ||
| 650 | 7 |
_aCanciones de cuna _vCuentos infantiles |
|
| 650 | 7 | _aCuentos infantiles argentinos | |
| 650 | 7 | _a | |
| 700 | 1 |
_aPez, Alberto, _eilustraciones |
|
| 700 | 1 |
_aDiéguez, M. A., _etraductor |
|
| 740 | 3 | 2 | _aEl cocodrilo enorme. |
| 910 | _aVMateo V. Control de calidad. BPMSU | ||
| 942 |
_2ddc _cBK |
||
| 999 |
_c11914 _d11914 |
||